000 00503nam a2200193 i 4500
001 130889
003 ES-MaACL
005 20230906193853.0
007 t|
008 070810q1909 fr ||||1| fre d
100 1 _aZévaco, Michel.
_9118215
245 1 3 _aLe capitan /
_cMichel Zévaco.
260 _aParis :
_bA. Fayard,
_c[1909?]
300 _a543 p. ;
_c19 cm.
490 1 _aLa livre populaire
830 0 _aLa livre populaire
_9219535
852 _aES-MaACL
_jD-1031
999 _c130889
_d130889